|
|
|
|
| LEADER |
00000cam a2200000 a 4500 |
| 001 |
vtls011991932 |
| 003 |
SK-MaSNL |
| 005 |
20260311145312.0 |
| 008 |
251001s1922 xr ab d p 000 0 ger |
| 015 |
|
|
|a SNBA1922
|
| 020 |
|
|
|q (viazané)
|
| 035 |
|
|
|a urn:nbn:sk:snk-am00enpo
|
| 035 |
|
|
|a urn:nbn:sk:snk-am3iky6
|
| 035 |
|
|
|a 2B12C2C4-F4B9-4D42-B527-DF538F1A9103
|
| 040 |
|
|
|a SNK
|b slo
|c SNK
|e AACR2
|
| 041 |
0 |
|
|a ger
|
| 043 |
|
|
|a e-cs---
|
| 044 |
|
|
|a xr
|c CZ
|
| 072 |
|
7 |
|a 91
|x Geografia ako veda. Výskum. Cestovanie
|2 konspekt
|
| 072 |
|
7 |
|a 37.016
|x Učebné osnovy. Vyučovacie predmety. Učebnice
|2 konspekt
|
| 080 |
|
|
|a 91
|2 2011
|
| 080 |
|
|
|a (437)
|2 2011
|
| 080 |
|
|
|a (075.3)
|2 2011
|
| 100 |
1 |
|
|a Vatter, Josef
|4 aut
|9 719814
|
| 245 |
1 |
0 |
|a Geographie der Tschech.-Slov. Republik für die oberste Klasse der deutschen Mittelschulen
|c von Jos. Vatter
|
| 246 |
3 |
|
|a Geographie der Tschechoslowakische Republik für die oberste Klasse der deutschen Mittelschulen
|
| 260 |
|
|
|a Prag
|b Roland
|c 1922
|
| 300 |
|
|
|a 86 strán, [1] list mapovej prílohy
|b ilustrácie, mapy
|c 23 cm
|
| 490 |
1 |
|
|a Loebel-Vatter. Vaterlandskunde
|v Teil 1.
|
| 650 |
0 |
7 |
|a geografia
|2 SNKPH
|9 823
|
| 651 |
|
7 |
|a Československo
|2 SNKPHgeo
|9 21376
|
| 655 |
|
7 |
|a učebnice stredných škôl
|2 SNKPH
|9 69323
|
| 830 |
|
0 |
|a Loebel-Vatter. Vaterlandskunde
|9 719815
|
| 852 |
|
|
|a Slovenská národná knižnica
|
| 958 |
|
|
|a EUIPO
|
| 958 |
|
|
|a TL
|
| 958 |
|
|
|a RK
|
| 958 |
|
|
|a DE
|
| 958 |
|
|
|a UC
|
| 958 |
|
|
|a OND
|
| 999 |
|
|
|c 1124530
|d 1126460
|
| 952 |
|
|
|a SNK
|b SNK
|y PREZ
|7 0
|p 17A0842017
|o snkSC 16852
|i snkD 1725/62
|8 1
|0 0
|1 0
|4 0
|d 2020-09-11
|f 1
|l 0
|r 2026-02-24 18:42:16
|w 2026-02-24
|